[Event "Innsbruck op 4th"]
[Site "Innsbruck"]
[Date "2020.08.24"]
[Round "4"]
[White "Maksimenko, Andrei"]
[Black "Kramer, Julian"]
[Result "1/2-1/2"]
[WhiteElo "2463"]
[BlackElo "2410"]
[PlyCount "45"]
[EventDate "2020.08.22"]
[EventType "swiss"]
[EventRounds "9"]
[EventCountry "AUT"]
[SourceTitle "CBM 198 Extra"]
[Source "ChessBase"]
[SourceDate "2020.11.30"]
[SourceVersion "1"]
[SourceVersionDate "2020.11.30"]
[SourceQuality "1"]

1. d4 Nf6 2. c4 g6 3. g3 c6 4. Bg2 d5 5. Qa4 dxc4 6. Qxc4 Bg7 7. Nf3 0-0 8. 0-0 Ne4 9. Qc2 Nd6 10. Nc3 Nd7 11. Bf4 c5 12. dxc5 Nxc5 13. Nd5 b6 14. Rad1 Bf5 15. Qc1 Re8 16. Be5 Rc8 17. Bxg7 Kxg7 18. Qe3 Be4 19. Bh3 Bf5 20. Bxf5 Nxf5 21. Qa3 e6 22. Nc3 Qe7 23. Nd4 1/2-1/2